| 000 | 01079cam a2200361M 4500 | ||
|---|---|---|---|
| 001 | 93421 | ||
| 005 | 20230410132922.0 | ||
| 008 | 081209r19779999sp 000 0 spa d | ||
| 010 | _z 05412565 | ||
| 035 | _a(OCoLC)ocn434581355 | ||
| 040 |
_aBNM _erdc _bspa _cBNM |
||
| 016 | 7 |
_abimoBNE19911165643 _2SpMaBN |
|
| 017 | _aM 13270-1979 | ||
| 020 | _a8424935233 | ||
| 020 | _a9788424935238 | ||
| 035 | _a(OCoLC)434581355 | ||
| 041 | 1 |
_aspa _hlat |
|
| 050 | 1 | 4 |
_aB 171 _bB582 1977 |
| 100 | 1 | _aTácito, Cayo Cornelio. | |
| 130 | 1 | _aBiblioteca Clásica Gredos. | |
| 245 | 1 | 0 |
_aAnales : _blibros I-VI / _cCornelio Tácito ; introducción, traducción y notas de José L. Moralejo. |
| 260 |
_aMadrid : _bGredos, _c1977 |
||
| 300 |
_a418 p., 1 h. _c20 cm. |
||
| 440 | 0 |
_aBiblioteca clásica Gredos ; _vn.19 |
|
| 504 | _aBibliografía : p. 33-39. | ||
| 650 | 0 | _aPhilosophy, Classical. | |
| 650 | 0 | _aPhilosophy, Ancient. | |
| 650 | 0 |
_aPhilosophers, Ancient _xBiography |
|
| 700 | 1 | _aMoralejo, José L. | |
| 942 |
_2lcc _cbk |
||
| 946 | _amjcruz | ||
| 994 |
_aC0 _bDRFGD |
||
| 999 |
_c90171 _d90171 |
||